banner

Programas nacionales de sida: (Registro nro. 1098)

000 -LEADER
fixed length control field 01670nam a22002057 4500
003 - CONTROL NUMBER IDENTIFIER
control field AR-BaISA
005 - DATE AND TIME OF LATEST TRANSACTION
control field 20220913133908.0
007 - PHYSICAL DESCRIPTION FIXED FIELD--GENERAL INFORMATION
fixed length control field ta
008 - FIXED-LENGTH DATA ELEMENTS--GENERAL INFORMATION
fixed length control field 220913s2000 sz ad||| |||| 000 0 spa d
040 ## - CATALOGING SOURCE
Language of cataloging spa
Transcribing agency AR-BaISA
082 04 - DEWEY DECIMAL CLASSIFICATION NUMBER
Edition number 22
Classification number 615.547 P943
245 00 - TITLE STATEMENT
Title Programas nacionales de sida:
Remainder of title guía para el monitoreo y la evaluación
260 ## - PUBLICATION, DISTRIBUTION, ETC.
Place of publication, distribution, etc. Ginebra:
Name of publisher, distributor, etc. ONUSIDA,
Date of publication, distribution, etc. 2000
300 ## - PHYSICAL DESCRIPTION
Extent VIII, 157 p.:
Other physical details il., tablas
505 ## - FORMATTED CONTENTS NOTE
Title INTRODUCCIÓN:
-- Componentes del paquete de instrumentos --
-- La importancia del monitoreo y la evaluación de los programas de SIDA --
-- El uso de indicadores de diverso alcance --
-- Vigilancia, monitoreo y evaluación: funciones diferentes
-- UN SISTEMA DE MONITOREO Y EVALUACIÓN:
-- Unidad de monitoreo y evaluación --
-- Establecimiento de metas claras --
-- Indicadores --
-- Plan de recolección y análisis de datos
-- INDICADORES:
-- Políticas y compromiso político --
-- Disponibilidad y calidad de los condones --
-- Estigma y discriminación --
-- Conocimientos sobre la transmisión del VIH --
-- Servicios voluntarios de consejería y pruebas de detección --
-- Transmisión maternoinfantil --
-- Negociación de las relaciones sexuales y actitudes --
-- Comportamiento sexual --
-- Comportamiento sexual de los jóvenes --
-- Uso de drogas inyectables --
-- Sangre segura --
-- Prevención y atención de las infecciones de transmisión sexual --
-- Prevención y atención a las personas infectadas con el VIH y sus familias --
-- Impacto: VIH, infecciones de transmisión sexual, mortalidad y orfandad
650 10 - SUBJECT ADDED ENTRY--TOPICAL TERM
9 (RLIN) 1180
Topical term or geographic name entry element Sida
650 10 - SUBJECT ADDED ENTRY--TOPICAL TERM
9 (RLIN) 2512
Topical term or geographic name entry element Enfermedades de transmisión sexual
650 10 - SUBJECT ADDED ENTRY--TOPICAL TERM
9 (RLIN) 2486
Topical term or geographic name entry element Monitoreo epidemiológico
942 ## - ADDED ENTRY ELEMENTS (KOHA)
Source of classification or shelving scheme
Koha item type Libros
Edition 22
Existencias
Withdrawn status Lost status Source of classification or shelving scheme Damaged status Not for loan Permanent Location Current Location Date acquired Inventory number Full call number Barcode Date last seen Copy number Price effective from Koha item type
          Biblioteca ISALUD. Dr. Néstor Rodríguez Campoamor Biblioteca ISALUD. Dr. Néstor Rodríguez Campoamor 2022-09-13 4695 615.547 P943 4695 2022-09-13 ej. 2 2022-09-13 Libros
          Biblioteca ISALUD. Dr. Néstor Rodríguez Campoamor Biblioteca ISALUD. Dr. Néstor Rodríguez Campoamor 2022-09-13 4694 615.547 P943 4694 2022-09-13 ej. 1 2022-09-13 Libros